000 01987nam a22001577a 4500
041 _aukr
080 _a09
090 _bЯКУ
100 _aЯкубовська Л.З.
245 _aЛексико-семантичний аналіз особливостей Інтернет-сайтів готелів США
260 _aОстрог
_bКАФ
_c2012
300 _a76
520 _aВступ. Розділ 1. Лексико-семантичні особливості інтернет-сайтів готелів. 1.1. Підходи до тлумачення поняття "готель та готельна послуга". 1.2. Поняття "Інтернет-сайт" готелю та його застосування. 1.3. Лексико-семантичні особливості Інтернет-сайтів готелів США. 1.4. Функціональна спрямованість онімів. Розділ 2. Лексико-семантичний та структурний аналіз доменних назв готелів США. 2.1. Лексико-семантичний аналіз доменних назв готелів США. 2.2. Структурний аналіз ергонімів доменних назв готелів Сполучених Штатів Америки. Розділ 3. Лексико-семантичний аналіз домашніх сторінок Інтернет-сайтів готелів США. 3.1. Аналіз рубрик і підрубрик Інтернет-сайтів готелів США. 3.2. Лексико-семантичний та структурний аналіз тексту, представленого на початковій сторінці Інтернет-сайту готелю США. Висновки. Список використаної літератури. Додатки.
_0Інтернет, США, готель
650 _aResearch Papers
999 _c284928
_d284928
942 _cBK